Flagi świata - Quiz z mapą - Statystyki

Ogólne statystyki
  • Ten quiz został rozwiązany 229 razy
  • Średni wynik to 55 z 196
Odpowiedzi na mapie
Odpowiedzi zakodowano w zielono-czerwonej skali na mapie do tego quizu, zgodnie z poniższymi procentami.
 
Statystyki odpowiedzi
Odpowiedź % Poprawnych
56%
56%
56%
55%
55%
54%
52%
50%
49%
48%
44%
41%
36%
36%
35%
35%
34%
33%
32%
32%
32%
32%
32%
32%
32%
32%
32%
32%
32%
32%
32%
31%
31%
31%
31%
31%
31%
31%
31%
31%
31%
31%
31%
30%
30%
30%
30%
30%
30%
30%
30%
30%
29%
29%
29%
29%
29%
29%
29%
29%
28%
28%
28%
28%
28%
28%
28%
28%
28%
28%
28%
28%
28%
28%
27%
27%
27%
27%
27%
27%
27%
27%
27%
27%
27%
27%
27%
26%
26%
26%
26%
26%
26%
26%
26%
26%
26%
26%
26%
26%
26%
26%
26%
26%
26%
26%
26%
26%
26%
26%
26%
26%
26%
26%
26%
26%
26%
25%
25%
25%
25%
25%
25%
25%
25%
25%
25%
25%
25%
25%
25%
25%
25%
25%
25%
25%
25%
25%
25%
24%
24%
24%
24%
24%
24%
24%
24%
24%
24%
24%
24%
24%
23%
23%
23%
23%
23%
23%
23%
23%
23%
23%
23%
23%
23%
23%
23%
23%
23%
22%
22%
22%
22%
22%
22%
22%
22%
22%
22%
21%
21%
21%
21%
21%
21%
21%
21%
21%
21%
21%
20%
20%
19%
18%
17%
14%
Nie znaleziono quizów pasujących do podanych kryteriów
Rozkład punktacji
Procent ludzi z każdym wynikiem
Percentyl według liczby udzielonych odpowiedzi
Twoja historia wyników
Nie rozwiązałeś tego quizu